The Boys' Book : (Record no. 586512)

MARC details
000 -LEADER
fixed length control field 00474nam a2200193 a 4500
008 - FIXED-LENGTH DATA ELEMENTS--GENERAL INFORMATION
fixed length control field 250911s2006##################000#0#eng##
020 ## - INTERNATIONAL STANDARD BOOK NUMBER
ISBN 9781905158645
082 04 - DEWEY DECIMAL CLASSIFICATION NUMBER
Classification number 790.194
Item number ENR
100 1# - MAIN ENTRY--AUTHOR NAME
Personal name Enright, Dominique,
245 10 - TITLE STATEMENT
Title The Boys' Book :
260 ## - PUBLICATION, DISTRIBUTION, ETC. (IMPRINT)
Name of publisher Gardners Books,
Year of publication 2006.
300 ## - PHYSICAL DESCRIPTION
Number of Pages 128 pages
650 #0 - SUBJECT ADDED ENTRY--TOPICAL TERM
Topical Term Juvenile Nonfiction.
942 ## - ADDED ENTRY ELEMENTS (KOHA)
Koha item type English Books
Holdings
Withdrawn status Lost status Damaged status Not for loan Home library Current library Shelving location Date acquired Full call number Accession Number Price effective from Koha item type
        Anna Centenary Library Anna Centenary Library 6TH FLOOR, B WING 11.09.2025 790.194 ENR 360651 11.09.2025 English Books

Find us on the map